00000000nam##2200000za#4500
0019.593054
003CaOODSP
00520210624201619
007cr |||||||||||
008150406|2006||||xxc|||||o    f|0| 0 fre|d
020 |a0-662-71449-0
040 |aCaOODSP|bfre
043 |an-cn---
0861 |aEn13-2/7-2006F-PDF
1101 |aCanada.|bEnvironnement Canada. |bInstitut national de la recherche sur les eaux.
24513|aLe dépistage des sources de pollution microbienne dans les écosystèmes aquatiques : |h[ressource électronique]|bétat de la science et évaluation des besoins
2463 |aRapport de la Série d'atelier sur les sciences de l'eau et les politiques
260 |bEnvironnement Canada. |c2006.
300 |a32p.|bréférences, photographies
4901 |aSérie de rapports d'évaluation scientifique de l'INRE|vN° 7
5203 |aLa pollution fécale des écosystèmes aquatiques étant un grave problème dans de nombreuses régions du Canada, on a de plus en plus besoin d’une approche scientifique pour déterminer ses sources. Le dépistage des sources de pollution microbienne (DSPM) est un domaine naissant aux possibilités intéressantes pour la détermination des sources de pollution fécale. Dans le cadre de l’atelier sur le DSPM qui a eu lieu à Toronto les 7 et 8 mars 2005, on a examiné l’état de la science du DSPM et l’état de préparation en vue de l’application étendue du DSPM dans tout le Canada. Le rapport de l’atelier aborde : l’état de la science; les activités de DSPM en vigueur au Canada, aux États-Unis et ailleurs; l’évaluation des besoins en dépistage des sources de pollution fécale ainsi que les moteurs politiques au Canada.
590 |a08-10|b2008-03-07
69107|aÉcosystème aquatique|2gcpds
77508|tMicrobial source tracking in aquatic ecosystems : |w(CaOODSP)9.560375
7760#|tMicrobial source tracking in aquatic ecosystems : |w(CaOODSP)9.545972
7760#|tLe dépistage des sources de pollution microbienne dans les écosystèmes aquatiques : |w(CaOODSP)9.545973
830#0|aSérie de rapports d'évaluation scientifique de l'INRE ;|vN° 7|w(CaOODSP)9.501442
85640|ahttp://publications.gc.ca|qPDF|s450 KB|uhttps://publications.gc.ca/collections/collection_2008/ec/En13-2-7-2006F.pdf|yN° 7